C++ Programming with 469 Solved Problems / (رقم التسجيلة. 13833)

تفاصيل مارك
000 -الفاتح
حقل البيانات ثابتة الطول 00615nam a22002057a 4500
003 - محدد رقم الضبط
رقم الضبط OSt
005 - وقت وتاريخ اخر تعامل مع التسجيلة
رقم الضبط 20150408113914.0
008 - عناصر البيانات ثابتة الطول - معلومات عامة
حقل البيانات ثابتة الطول 110826s 2009jo a g |||| 00| 0 eng d
020 ## - الرقم الدولى المعيارى للكتب
الرقم الدولى المعيارى للكتاب 9789957117597
040 ## - مصدر الفهرسة
وكالة النسخ دار اجنادين
082 ## - رقم تصنيف ديوى العشرى
رقم الطبعة 21
رقم التصنيف 005.133
رقم المادة S N C
100 ## - المدخل الرئيسى - إسم شخصى
الإسم الشخصى Salman, Nassir H..
9 (RLIN) 3323
245 ## - بيان العنوان
العنوان C++ Programming with 469 Solved Problems /
بيان المسئوليه,etc Nassir H. Salman.
250 ## - بيان الطبعة
بيان الطبعة 1st ed.
260 ## - PUBLICATION, DISTRIBUTION, ETC. (IMPRINT)
مكان الناشر او الموزع Amman, Jordan :
اسم الناشر او الموزع Darwael,
تاريخ النشر أو التوزيع 2009
300 ## - الوصف المادى
التعداد 569 p . :
تفاصيل ماديه اخرى للوعاء ill. ;
أبعاد الوعاء 24 cm +
المادة المصاحبة 1 CD-ROM (4 /3/4 in)
650 ## - المدخل الاضافى بالموضوع-مصطلح موضوعى
مصطلح موضوعي أو اسم جغرافي كعنصر مدخل Computers.
9 (RLIN) 3300
650 ## - المدخل الاضافى بالموضوع-مصطلح موضوعى
مصطلح موضوعي أو اسم جغرافي كعنصر مدخل Computer Programming.
9 (RLIN) 3314
942 ## - عناصر المدخل الإضافي( كوها)
مصدر التصنيف او مخطط الترفيف Dewey Decimal Classification
Koha [default] item type DVD
المقتنيات
حالة الفقد نموذج السعر الفعال حالة تلف ليس للاعارة رقم الطلب تاريخ الاكتساب الموقع الحالي الباركود الفرع الرئيسي Date last seen نوع المادة فى نظام كوها مصدر التصنيف او خطة الترفيف Total Checkouts
  2013-03-10     005.133 S N C 2011-08-26 قسم الاجراءات الفنية (IC) 00102221 قسم الاجراءات الفنية (IC) 2013-03-10 كتاب Dewey Decimal Classification  
  2013-03-10     005.133 S N C 2011-08-26 قسم الاجراءات الفنية (IC) 00102222 قسم الاجراءات الفنية (IC) 2013-03-10 كتاب Dewey Decimal Classification  
  2013-03-10     005.133 S N C 2011-08-26 قسم الاجراءات الفنية (IC) 00102223 قسم الاجراءات الفنية (IC) 2013-03-10 كتاب Dewey Decimal Classification